000 01174nam0a2200277 4500
001 RU\NLR\bibl\1847590
005 20260406080912.0
010 _a978-5-93057-428-9
_970
021 _aRU
_b2011-93883
_96730
035 _a(NLR Aleph) 001838009
090 _a2232680
_c2232680
100 _a20111213d2011 |||y0rusy50 ca
101 0 _arus
102 _aRU
105 _aa |||||||||
200 1 _aФизическая химия: метод. указ. к самостоятельной работе
_eучебное пособие
_fИ. А. Курзина, Т.В. Лапова, Г.В. Лямина, Е.А. Вайтулевич
_g"Томский гос. архитектурно-строит. ун-т"
210 _aТомск
_cИзд-во ТГАСУ
_d2011
215 _d21
700 1 _4070
_7ca
_8rus
_aКурзина
_bИ. А.
_f1972-
_gИрина Александровна
_3RU\NLR\AUTH\770228464
_9228408
701 1 _aЛямина
_bГ. В.
_4070
801 0 _aRU
_bNLR
_c20111213
_gRCR
801 1 _aRU
_bNLR
_c20111213
942 _cBOOK
980 _aNB